Environment: (Record no. 184089)

MARC details
000 -LEADER
fixed length control field 00641nam a22001937a 4500
005 - DATE AND TIME OF LATEST TRANSACTION
control field 20220121141220.0
010 ## - LCCN (DPL NO)
LC control number ENG-131087
020 ## - INTERNATIONAL STANDARD BOOK NUMBER
International Standard Book Number 978-93-90491-44-5
Terms of availability 234.00
035 ## - SYSTEM CONTROL NUMBER
System control number EN-114619
037 ## - SOURCE OF ACQUISITION
Source of stock number/acquisition DBAD
082 ## - DEWEY DECIMAL CLASSIFICATION NUMBER
Classification number 363.7076
100 ## - MAIN ENTRY--PERSONAL NAME
Personal name Niranjan, S.
245 ## - TITLE STATEMENT
Title Environment:
Remainder of title Question Bank For Civil Services preliminary Examination/
Statement of responsibility, etc S. Niranjan
250 ## - EDITION STATEMENT
Edition statement 2nd edition
260 ## - PUBLICATION, DISTRIBUTION, ETC. (IMPRINT)
Place of publication, distribution, etc Chennai
Name of publisher, distributor, etc McGraw Hill Education Private Limited
Date of publication, distribution, etc 2022
270 ## - ADDRESS
City Chennai`
Address Anjana Complex No. 5/90 A, Butt Road, St Thomas Mount
Postal code 600016
300 ## - PHYSICAL DESCRIPTION
Extent viii, 317p.
Dimensions 24cm(pbk)
942 ## - ADDED ENTRY ELEMENTS (KOHA)
Source of classification or shelving scheme Dewey Decimal Classification
Item type English Books
Classification part 363.7076
Call number suffix NIR
Holdings
Withdrawn status Lost status Not for loan Collection code Home library Current library Date acquired Source of acquisition Cost, normal purchase price Full call number Barcode Copy number Cost, replacement price Koha item type
      Non-fiction Patel Nagar Patel Nagar 12/01/2022 DBAD/PUB 234.00 363.7076 NIR EN-114619 1 234.00 English Books

© Delhi Public Library
Hit Counter
free hit counter